Countries with the Most Catholics in 1950 - Statistics

General Stats
  • This quiz has been taken 846 times
  • The average score is 20 of 23
Answer Stats
Catholics % Answer % Correct
48.6 m 93.5 Brazil
98%
39.2 m 92.5 France
98%
46.0 m 97.5 Italy
98%
27.8 m 99.0 Spain
98%
31.8 m 21.0 United States
98%
25.4 m 98.5 Mexico
97%
15.9 m 95.0 Argentina
96%
23.3 m 45.8 West Germany
96%
8.0 m 94.5 Portugal
94%
6.1 m 44.6 Canada
93%
10.6 m 94.5 Colombia
93%
23.6 m 96.0 Poland
93%
5.5 m 11.0 United Kingdom
93%
5.3 m 92.5 Chile
91%
8.2 m 96.0 Peru
91%
6.2 m 89.5 Austria
87%
16.9 m 82.5 Philippines
83%
8.4 m 96.5 Belgium
82%
6.5 m 70.5 Hungary
77%
5.6 m 34.5 Yugoslavia
71%
11.7 m 6.5 Soviet Union
69%
9.7 m 78.5 Czechoslovakia
64%
6.4 m 52.5 Belgian Congo
47%
No matching quizzes found
Score Distribution
Percent of People with Each Score
Percentile by Number Answered
Your Score History
You have not taken this quiz